000 01022nam a22002057a 4500
003 OSt
005 20160620110303.0
008 150409b xxu||||| |||| 00| 0 eng d
040 _cBMC
082 _a658.04
100 1 _935596
_aNúñez Murga, Amanda Guadalupe
245 1 0 _aPasantía de encargado de proyecto reestructuración de archivo patronal del departamento de inspección-afiliación de la sucursal administrativa del ISSS de Santa Ana
_b: Informe final
_cAmanda Guadalupe Núñez Murga
260 _aSanta Ana (El Salvador)
_bUniversidad Católica de El Salvador
_c2006
300 _a1 v. (pág. var.)
_bil. col
_c28 cm
_e+ 1 disco compacto
500 _aPrecede al tít.: Universidad Católica de El Salvador, Facultad de Ciencias Económicas
502 _aTrabajo de graduación para optar al grado académico de Licenciada en Administración de Empresas
650 2 4 _93341
_aGestión de empresas
710 2 _91067
_aUniversidad Católica de El Salvador
_bFacultad de Ciencias Empresariales
942 _2ddc
_cTG
999 _c21908
_d21908